Statistics for Vermont Cities, Towns, & Gores

Click here to take the quiz!

General Stats

  • This quiz has been taken 948 times
  • The average score is 73 of 255

Answers on the Map

Answers color-coded by a green-red scale on the quiz's map according to % correct below.
 

Answer Stats

Town/City/Gore% Correct
Burlington
95%
Montpelier
87%
Rutland
80%
Rutland City
80%
Essex
75%
South Burlington
75%
Brattleboro
74%
Bennington
71%
Barre City
65%
Barre Town
65%
Stowe
64%
Middlebury
63%
St. Albans City
61%
St. Albans Town
61%
Manchester
60%
St. Johnsbury
58%
Winooski
57%
Springfield
56%
Newport City
54%
Newport Town
54%
Colchester
53%
Windsor
53%
Waterbury
51%
Killington
50%
Shelburne
50%
Washington
49%
Hartford
48%
North Hero
47%
Orange
47%
Grand Isle
46%
Vergennes
46%
Milton
45%
South Hero
45%
Warren
44%
Addison
43%
Derby
43%
Jay
43%
Richmond
43%
Williston
43%
Franklin
42%
Woodstock
42%
Ludlow
40%
Bolton
39%
Bristol
39%
Chester
39%
Lincoln
39%
Berlin
38%
Norwich
38%
Charlotte
37%
Alburgh
36%
Windham
36%
Cambridge
35%
Jericho
35%
Randolph
35%
Johnson
34%
St. George
34%
Canaan
33%
Chittenden
33%
Dover
33%
East Montpelier
33%
Middlesex
33%
New Haven
33%
Northfield
33%
Plymouth
33%
Rochester
33%
Pittsfield
32%
Swanton
32%
Vernon
32%
Worcester
32%
Arlington
31%
Castleton
31%
Concord
31%
Fair Haven
31%
Lyndon
31%
Plainfield
31%
Putney
31%
West Rutland
31%
Fairfield
30%
Fairlee
30%
Jamaica
30%
Londonderry
30%
Marlboro
30%
Morristown
30%
Sharon
30%
Underhill
30%
Waitsfield
30%
Wilmington
30%
Fairfax
29%
Georgia
29%
Huntington
29%
Peru
29%
Albany
28%
Bethel
28%
Burke
28%
Danville
28%
Ferrisburgh
28%
Groton
28%
Highgate
28%
Hinesburg
28%
Isle La Motte
28%
Leicester
28%
Pownal
28%
Salisbury
28%
Troy
28%
Royalton
27%
Weston
27%
Bridgewater
26%
Hancock
26%
West Haven
26%
Brandon
25%
Brighton
25%
Brookfield
25%
Chelsea
25%
Dorset
25%
Guilford
25%
Hyde Park
25%
Newbury
25%
Bradford
24%
Buels Gore
24%
Cabot
24%
Grafton
24%
Hardwick
24%
Lowell
24%
Montgomery
24%
Orwell
24%
Poultney
24%
Rockingham
24%
Stamford
24%
Thetford
24%
Andover
23%
Barton
23%
Cornwall
23%
East Haven
23%
Enosburgh
23%
Goshen
23%
Hartland
23%
Ira
23%
Marshfield
23%
Monkton
23%
Proctor
23%
Somerset
23%
Stratton
23%
Waltham
23%
Waterford
23%
Whiting
23%
Athens
22%
Brookline
22%
Calais
22%
Craftsbury
22%
Eden
22%
Guildhall
22%
Norton
22%
Panton
22%
Peacham
22%
Reading
22%
Roxbury
22%
Sheffield
22%
Starksboro
22%
Weathersfield
22%
West Fairlee
22%
Westfield
22%
Westford
22%
West Windsor
22%
Williamstown
22%
Bridport
21%
Brunswick
21%
Cavendish
21%
Granville
21%
Halifax
21%
Irasburg
21%
Lewis
21%
Pittsford
21%
Readsboro
21%
Baltimore
20%
Berkshire
20%
Charleston
20%
Coventry
20%
Dummerston
20%
Duxbury
20%
Glover
20%
Mendon
20%
Moretown
20%
Shoreham
20%
Sutton
20%
Averill
19%
Bakersfield
19%
Benson
19%
Braintree
19%
Fayston
19%
Granby
19%
Greensboro
19%
Lunenburg
19%
Newfane
19%
Pomfret
19%
Richford
19%
Ripton
19%
Shaftsbury
19%
Sudbury
19%
Tunbridge
19%
Waterville
19%
Westminster
19%
Whitingham
19%
Woodford
19%
Middletown Springs
18%
Strafford
18%
Vershire
18%
Weybridge
18%
Barnard
17%
Bloomfield
17%
Corinth
17%
Danby
17%
Maidstone
17%
Morgan
17%
Mount Holly
17%
Mount Tabor
17%
Shrewsbury
17%
Stockbridge
17%
Victory
17%
Wallingford
17%
Woodbury
17%
Barnet
16%
Belvidere
16%
Clarendon
16%
Elmore
16%
Ferdinand
16%
Fletcher
16%
Glastenbury
16%
Holland
16%
Landgrove
16%
Searsburg
16%
Sheldon
16%
Sunderland
16%
Topsham
16%
Wells
16%
Westmore
16%
Wolcott
16%
Averys Gore
15%
Kirby
15%
Ryegate
15%
Hubbardton
14%
Lemington
14%
Newark
14%
Pawlet
14%
Rupert
14%
Sandgate
14%
Stannard
14%
Tinmouth
14%
Walden
14%
Brownington
13%
Townshend
13%
Wardsboro
13%
Wheelock
13%
Warners Grant
11%
Winhall
11%
Warren Gore
10%

Score Distribution

Percentile by Number Answered

Percent of People with Each Score

Your Score History

You have not taken this quiz